000 00330 a2200145 4500
001 181544
020 _a
040 _cMagnum
100 _aRegina, Tia.
240 1 0 _aA vinganca do escravo - o saci
_lpor
245 1 0 _aA vinganca do escravo - o saci
362 0 _a1899
697 _aMAGNITO: IJ/LENDAS, FOLCLORE
942 _cBK
999 _c181544
_d181544